| 000 | 00510pab a2200193 454500 | ||
|---|---|---|---|
| 008 | 180718b2010 xxu||||| |||| 00| 0 eng d | ||
| 100 | _aStares, Sarah L. | ||
| 245 | _aThe influence of Gandhi's Satyagraha philosophy on the protest methods of indigenous Australians | ||
| 260 | _c2010 | ||
| 300 | _ap.203-07. | ||
| 362 | _aJan-Jun | ||
| 650 | _aProtest movements | ||
| 650 | _aSatyagrah | ||
| 650 | _aGandhi, M.K. | ||
| 650 | _aNonviolence | ||
| 773 | _aMan in India | ||
| 908 | _aN | ||
| 909 | _a86583 | ||
| 999 |
_c86583 _d86583 |
||